[Event "MMaS_2014_U14"]
[Site "?"]
[Date "2014.10.25"]
[Round "2.2"]
[White "Barak, David"]
[Black "Glozar, Petr"]
[Result "1/2-1/2"]
[WhiteElo "1600"]
[BlackElo "1813"]
[PlyCount "86"]
[EventDate "2014.??.??"]

1. d4 Nf6 2. Nf3 d5 3. Bf4 c5 4. e3 Nc6 5. c4 Qb6 6. b3 e6 7. Be2 Be7 8. O-O
O-O 9. Nc3 Bd7 10. Rc1 Rac8 11. Qd2 Rfd8 12. Rfd1 cxd4 13. Nxd4 Nxd4 14. Qxd4
Qxd4 15. Rxd4 Bc5 16. Rdd1 Bc6 17. cxd5 Nxd5 18. Nxd5 Bxd5 19. h3 Ba3 20. Rxc8
Rxc8 21. Rd2 a5 22. Bd3 Bb4 23. Rc2 Rxc2 24. Bxc2 h6 25. Kf1 Kf8 26. g4 Ke7 27.
Ke2 Kd7 28. e4 Bc6 29. f3 b6 30. Bd3 Bd6 31. Be3 Bc5 32. Bxc5 bxc5 33. e5 g5
34. Be4 Bd5 35. Bd3 Ke7 36. Bc4 f6 37. exf6+ Kxf6 38. Ke3 Ke5 39. a4 Kf6 40. f4
gxf4+ 41. Kxf4 e5+ 42. Kg3 Bxc4 43. bxc4 Kg5 1/2-1/2

[Event "MMaS_2014_U14"]
[Site "?"]
[Date "2014.10.25"]
[Round "2.4"]
[White "Nytra, Ondrej"]
[Black "Vraj, Karel"]
[Result "0-1"]
[WhiteElo "1583"]
[BlackElo "1767"]
[PlyCount "104"]
[EventDate "2014.??.??"]

1. e4 c5 2. Nf3 d6 3. d4 cxd4 4. Nxd4 Nf6 5. Nc3 g6 6. Be2 Bg7 7. O-O O-O 8.
Be3 Nc6 9. Nb3 Bd7 10. f4 a6 11. Kh1 b5 12. f5 b4 13. Nd5 Nxd5 14. Qxd5 Ne5 15.
Rad1 Bc6 16. Qd2 Bxe4 17. fxg6 hxg6 18. Bh6 Qc7 19. Bxg7 Kxg7 20. Bd3 Bxd3 21.
cxd3 Qb6 22. d4 Nc6 23. Qf4 Rac8 24. Rd3 f6 25. Rg3 Qb5 26. Re1 e5 27. Qg4 Ne7
28. Qe6 Qd5 29. Qd7 Qf7 30. Qxd6 Nf5 31. Qxa6 Nxg3+ 32. hxg3 Ra8 33. Qb6 Rab8
34. Qa6 Ra8 35. Qb6 Rfb8 36. Qd6 Rd8 37. Qb6 Rh8+ 38. Kg1 Rab8 39. Qa6 Qb7 40.
Qd6 Rhd8 41. Qe6 Re8 42. Qg4 exd4 43. Rxe8 Rxe8 44. Nxd4 Qa7 45. Kf1 f5 46.
Nxf5+ Kf6 47. Nd4 Qa6+ 48. Kf2 Qxa2 49. Qf4+ Kg7 50. Qd2 Qa7 51. Kf1 Qd7 52.
Qxb4 Re4 0-1

[Event "MMaS_2014_U14"]
[Site "?"]
[Date "2014.10.25"]
[Round "2.5"]
[White "Jurasek, Vojtech"]
[Black "Pekarek, Ales"]
[Result "1-0"]
[WhiteElo "1722"]
[BlackElo "1539"]
[PlyCount "83"]
[EventDate "2014.??.??"]

1. d4 d5 2. c4 e6 3. Nc3 Bb4 4. a3 Bxc3+ 5. bxc3 Ne7 6. Nf3 b6 7. Bf4 Bb7 8. e3
Ng6 9. Bg3 Qd7 10. cxd5 Bxd5 11. Be2 O-O 12. O-O Nc6 13. c4 Be4 14. Nd2 Bf5 15.
e4 Nxd4 16. exf5 Nxe2+ 17. Qxe2 Rad8 18. fxg6 Qxd2 19. gxf7+ Kxf7 20. Qxd2 Rxd2
21. Rfd1 Rfd8 22. Rxd2 Rxd2 23. Bxc7 Ke7 24. Bb8 Rd7 25. Kf1 Rb7 26. Be5 g6 27.
Ke2 Kd7 28. Kd3 Kc6 29. Rd1 Rd7+ 30. Kc2 Rxd1 31. Kxd1 Kc5 32. Bb8 a6 33. Bc7
Kxc4 34. Bxb6 Kb5 35. Bd8 a5 36. Kd2 a4 37. Kd3 Kc5 38. Be7+ Kb5 39. h4 Kb6 40.
Kc4 Ka5 41. Bd8+ Ka6 42. Kb4 1-0

[Event "MMaS_2014_U14"]
[Site "?"]
[Date "2014.10.25"]
[Round "2.6"]
[White "Londin, Simon"]
[Black "Sramek, Vojtech"]
[Result "1-0"]
[WhiteElo "1535"]
[BlackElo "1709"]
[PlyCount "48"]
[EventDate "2014.??.??"]

1. e4 d5 2. exd5 Nf6 3. d4 Nxd5 4. c4 Nf6 5. Nf3 c6 6. Be2 Bg4 7. Be3 e6 8. O-O
Be7 9. Nc3 O-O 10. Qc2 Nbd7 11. Rfe1 Qc7 12. Rad1 Nb6 13. b3 Bf5 14. Bd3 Bxd3
15. Qxd3 Bb4 16. Re2 Rfd8 17. Ne4 Nxe4 18. Qxe4 h6 19. Qg4 Kh8 20. Qh5 Rd7 21.
Ne5 Rad8 22. Nxd7 Rxd7 23. Qg4 e5 24. Rf1 Bc3 1-0

[Event "MMaS_2014_U14"]
[Site "?"]
[Date "2014.10.25"]
[Round "2.7"]
[White "Chwistek, Karel"]
[Black "Klubal, Jiri"]
[Result "1/2-1/2"]
[WhiteElo "1695"]
[BlackElo "1524"]
[PlyCount "51"]
[EventDate "2014.??.??"]

1. e4 e5 2. Nf3 Nc6 3. Bc4 Nf6 4. d4 exd4 5. e5 d5 6. Bb5 Ne4 7. Nxd4 Bd7 8.
Bxc6 bxc6 9. O-O Bc5 10. Be3 Bb6 11. f3 Ng5 12. f4 Ne4 13. f5 c5 14. Ne6 Bxe6
15. fxe6 fxe6 16. Qh5+ g6 17. Qg4 Qd7 18. c4 c6 19. Nc3 Nxc3 20. bxc3 O-O-O 21.
cxd5 cxd5 22. Rf6 Rde8 23. Raf1 c4 24. Bxb6 axb6 25. Qd4 Qc6 26. Rb1 1/2-1/2

[Event "MMaS_2014_U14"]
[Site "?"]
[Date "2014.10.25"]
[Round "2.8"]
[White "Suchanek, Krystof"]
[Black "Zitny, Michal"]
[Result "1/2-1/2"]
[WhiteElo "1509"]
[BlackElo "1654"]
[PlyCount "62"]
[EventDate "2014.??.??"]

1. e4 c6 2. d4 d5 3. exd5 cxd5 4. c4 Nf6 5. Nc3 Nc6 6. Nf3 Bg4 7. cxd5 Nxd5 8.
Bb5 e6 9. Qa4 Bb4 10. Bxc6+ bxc6 11. Qxc6+ Kf8 12. Bd2 Rc8 13. Qa4 Bxf3 14.
gxf3 Bxc3 15. bxc3 Qc7 16. Rc1 Ke7 17. O-O Rhd8 18. Qa3+ Ke8 19. Kh1 Nf4 20.
Bxf4 Qxf4 21. Qa4+ Kf8 22. Qd1 Rd5 23. Rg1 h5 24. Re1 Rf5 25. Re3 h4 26. Qd3 h3
27. Rg1 Rg5 28. Rxg5 Qxg5 29. Qf1 Qf5 30. f4 Qxf4 31. Rxh3 Ke7 1/2-1/2

[Event "MMaS_2014_U14"]
[Site "?"]
[Date "2014.10.25"]
[Round "2.9"]
[White "Chlebek, Jan"]
[Black "Nespory, Simon"]
[Result "1-0"]
[WhiteElo "1643"]
[BlackElo "1497"]
[PlyCount "31"]
[EventDate "2014.??.??"]

1. e4 e5 2. Nf3 Nc6 3. d4 exd4 4. Bc4 h6 5. O-O Bc5 6. c3 dxc3 7. Bxf7+ Kxf7 8.
Qd5+ Ke8 9. Qxc5 cxb2 10. Bxb2 Qe7 11. Qb5 Qb4 12. Qh5+ Kd8 13. Bxg7 Rh7 14.
Qf7 Rxg7 15. Qxg7 Qc4 16. Qf8# 1-0

[Event "MMaS_2014_U14"]
[Site "?"]
[Date "2014.10.25"]
[Round "2.10"]
[White "Dejmal, Ondrej"]
[Black "Oplustil, David"]
[Result "0-1"]
[WhiteElo "1501"]
[BlackElo "1624"]
[PlyCount "66"]
[EventDate "2014.??.??"]

1. e4 c5 2. Nf3 d6 3. d4 cxd4 4. Nxd4 Nf6 5. Nc3 g6 6. Be3 Bg7 7. f3 O-O 8. Bc4
Nc6 9. Qd2 Bd7 10. O-O-O Rc8 11. Bb3 Ne5 12. h4 h5 13. Rhe1 Nc4 14. Bxc4 Rxc4
15. Qd3 b5 16. Ndxb5 Bxb5 17. Nxb5 Rc8 18. Nxa7 Ra8 19. Nc6 Qc7 20. Nb4 Rfb8
21. a3 Nd7 22. Bd4 Nc5 23. Qc4 Bxd4 24. Rxd4 e6 25. Red1 Rb6 26. Qc3 Ra4 27.
Kb1 Ra8 28. Nd3 Rab8 29. Rb4 Qe7 30. Nxc5 dxc5 31. Rxb6 Rxb6 32. Qa5 Rb8 33. g3
Qf6 0-1

[Event "MMaS_2014_U14"]
[Site "?"]
[Date "2014.10.25"]
[Round "2.11"]
[White "Budik, Pavel"]
[Black "Kriz, Vojtech"]
[Result "1/2-1/2"]
[WhiteElo "1616"]
[BlackElo "1464"]
[PlyCount "68"]
[EventDate "2014.??.??"]

1. e4 c5 2. Nc3 d6 3. d3 Nf6 4. f4 e6 5. Nf3 Be7 6. g3 O-O 7. Bg2 Bd7 8. O-O
Nc6 9. Bd2 d5 10. e5 Ng4 11. h3 Nh6 12. Be1 Nf5 13. Bf2 Ncd4 14. Re1 Rc8 15.
Nxd4 cxd4 16. Ne2 Ne3 17. Bxe3 dxe3 18. d4 Qb6 19. Qc1 Bb5 20. c3 Ba6 21. Qc2
Rc6 22. Rad1 Rfc8 23. Nc1 Rc4 24. Rxe3 Rxd4 25. Rxd4 Qxd4 26. Qf2 Qb6 27. Nb3
Bc4 28. Re1 Qa6 29. Kh2 Qxa2 30. Nd4 Bc5 31. f5 Bxd4 32. cxd4 Qa5 33. Rc1 Qb6
34. g4 Qd8 1/2-1/2

[Event "MMaS_2014_U14"]
[Site "?"]
[Date "2014.10.25"]
[Round "2.12"]
[White "Bauer, Miroslav"]
[Black "Pavlik, Vladimir"]
[Result "0-1"]
[WhiteElo "1488"]
[BlackElo "1508"]
[PlyCount "78"]
[EventDate "2014.??.??"]

1. e4 c5 2. c3 d5 3. exd5 Qxd5 4. d4 Nc6 5. Nf3 Bg4 6. Be2 e6 7. O-O Nf6 8. Be3
cxd4 9. cxd4 Be7 10. Nc3 Qd6 11. Rc1 O-O 12. h3 Bh5 13. a3 a6 14. Qb3 Rfd8 15.
Rfd1 b5 16. Qc2 Rac8 17. b4 Nd5 18. Ng5 Bg6 19. Qd2 Nxe3 20. Qxe3 Nxd4 21. Bg4
h5 22. Bf3 Bxg5 23. Qxg5 Rxc3 24. Rxc3 Nxf3+ 25. Rxf3 Qxd1+ 26. Kh2 Qd5 27. Qc1
Qe5+ 28. Kg1 h4 29. Re3 Qf4 30. Qc3 Rd1+ 31. Re1 Qd2 32. Qxd2 Rxd2 33. Ra1 Kf8
34. a4 Rb2 35. axb5 axb5 36. Ra8+ Ke7 37. Kf1 Rxb4 38. Rb8 Rb2 39. Ke1 Be4 0-1

[Event "MMaS_2014_U14"]
[Site "?"]
[Date "2014.10.27"]
[Round "5.1"]
[White "Jurasek, Vojtech"]
[Black "Vraj, Ondrej"]
[Result "1/2-1/2"]
[WhiteElo "1722"]
[BlackElo "1843"]
[PlyCount "47"]
[EventDate "2014.??.??"]

1. d4 d5 2. c4 e6 3. Nc3 Nf6 4. Bg5 Be7 5. e3 O-O 6. Nf3 Nbd7 7. Qc2 b6 8. Be2
Bb7 9. O-O Rc8 10. cxd5 Nxd5 11. Bxe7 Qxe7 12. Rac1 c5 13. Nxd5 Bxd5 14. Qb1
Qf6 15. Rfd1 Rfd8 16. b3 cxd4 17. Rxd4 Nc5 18. Qc2 e5 19. Rdd1 Be6 20. Qb2 Bg4
21. h3 Bxf3 22. Bxf3 h6 23. b4 Ne6 24. Rxc8 1/2-1/2

[Event "MMaS_2014_U14"]
[Site "?"]
[Date "2014.10.27"]
[Round "5.2"]
[White "Glozar, Petr"]
[Black "Ochmyt, Jakub"]
[Result "1-0"]
[WhiteElo "1813"]
[BlackElo "1585"]
[PlyCount "59"]
[EventDate "2014.??.??"]

1. e4 e6 2. d4 d5 3. Nc3 dxe4 4. Nxe4 Bd7 5. Nf3 Bc6 6. Bd3 Nd7 7. Qe2 Ngf6 8.
Bg5 Be7 9. Bxf6 Nxf6 10. c3 Nd5 11. Ne5 Nf4 12. Qf3 Nxd3+ 13. Qxd3 Qd5 14. f3
Rd8 15. Qd2 f6 16. Nxc6 Qxc6 17. Qe2 O-O 18. O-O Bd6 19. Rad1 e5 20. d5 Qb6+
21. Kh1 Rfe8 22. Qc2 c6 23. c4 cxd5 24. Rxd5 Bf8 25. Rfd1 Rxd5 26. cxd5 Rd8 27.
h3 Kh8 28. d6 f5 29. Ng5 Rd7 30. Qxf5 1-0

[Event "MMaS_2014_U14"]
[Site "?"]
[Date "2014.10.27"]
[Round "5.3"]
[White "Vraj, Karel"]
[Black "Klubal, Jiri"]
[Result "0-1"]
[WhiteElo "1767"]
[BlackElo "1524"]
[PlyCount "104"]
[EventDate "2014.??.??"]

1. e4 e5 2. Nf3 Nc6 3. d4 exd4 4. Bc4 Nf6 5. O-O Be7 6. Nxd4 O-O 7. Nc3 d6 8.
h3 Ne5 9. Bb3 c6 10. Bf4 Qb6 11. Nf3 Nxf3+ 12. Qxf3 Be6 13. Rfe1 Rad8 14. Rad1
Bxb3 15. axb3 Rfe8 16. Be3 Qc7 17. Bf4 Qb6 18. Rd2 Rd7 19. Ra1 a6 20. Rad1 Red8
21. Na4 Qb5 22. Nc3 Qc5 23. Be3 Qe5 24. Bb6 Re8 25. Bd4 Qe6 26. Na4 Qxe4 27.
Qxe4 Nxe4 28. Re2 Ng5 29. Bb6 Ne6 30. Rxe6 fxe6 31. Nc5 Red8 32. Bxd8 Rxd8 33.
Nxe6 Re8 34. Kf1 Kf7 35. Nf4 d5 36. Nd3 Bd6 37. Re1 Rxe1+ 38. Kxe1 c5 39. f3
Ke6 40. Ke2 b5 41. Ke3 c4 42. bxc4 dxc4 43. Nc1 Kd5 44. Ne2 b4 45. b3 a5 46. g4
Bc5+ 47. Kf4 Bd4 48. Kf5 cxb3 49. cxb3 Be5 50. h4 a4 51. bxa4 b3 52. f4 b2 0-1

[Event "MMaS_2014_U14"]
[Site "?"]
[Date "2014.10.27"]
[Round "5.4"]
[White "Sramek, Vojtech"]
[Black "Nytra, Ondrej"]
[Result "1/2-1/2"]
[WhiteElo "1709"]
[BlackElo "1583"]
[PlyCount "48"]
[EventDate "2014.??.??"]

1. e4 e5 2. Nf3 Nc6 3. Bc4 Nf6 4. d3 Bc5 5. c3 d6 6. a4 a6 7. Nbd2 Bg4 8. O-O
O-O 9. Re1 d5 10. exd5 Nxd5 11. Ne4 Ba7 12. h3 Bh5 13. Ng3 Bxf3 14. Qxf3 Nb6
15. Bb3 Ne7 16. Rxe5 Ng6 17. Re2 Nd7 18. d4 c5 19. dxc5 Bxc5 20. Bf4 Nf6 21.
Bg5 Qb6 22. Ba2 Nd7 23. Rd1 Nge5 24. Qf4 Rae8 1/2-1/2

[Event "MMaS_2014_U14"]
[Site "?"]
[Date "2014.10.27"]
[Round "5.5"]
[White "Chlebek, Jan"]
[Black "Broz, Petr"]
[Result "1-0"]
[WhiteElo "1643"]
[BlackElo "1438"]
[PlyCount "51"]
[EventDate "2014.??.??"]

1. e4 e6 2. d4 d5 3. Nc3 Nf6 4. Bg5 Be7 5. e5 Nfd7 6. h4 a6 7. Qg4 c5 8. Bxe7
Qxe7 9. Qxg7 Qf8 10. Qxf8+ Kxf8 11. f4 Nc6 12. Nf3 cxd4 13. Ne2 Nc5 14. Nfxd4
Ne4 15. g4 f6 16. Bg2 fxe5 17. Nxc6 bxc6 18. Bxe4 dxe4 19. fxe5 h6 20. Nc3 Bb7
21. Nxe4 c5 22. Rf1+ Ke7 23. Nd6 Bd5 24. c4 Bc6 25. Rf7+ Kd8 26. O-O-O 1-0

[Event "MMaS_2014_U14"]
[Site "?"]
[Date "2014.10.27"]
[Round "5.6"]
[White "Pavlik, Vladimir"]
[Black "Filip, Tomas"]
[Result "1-0"]
[WhiteElo "1508"]
[BlackElo "1780"]
[PlyCount "49"]
[EventDate "2014.??.??"]

1. e4 c5 2. c3 Nf6 3. e5 Nd5 4. d4 e6 5. Nf3 Nc6 6. Bc4 Nb6 7. Bb3 cxd4 8. cxd4
d6 9. exd6 Bxd6 10. O-O O-O 11. Be3 Bc7 12. Nc3 Nd5 13. a3 a6 14. Bc2 h6 15.
Qd3 f5 16. h3 Qf6 17. Rad1 Rf7 18. Bc1 g5 19. Bb3 Nxc3 20. bxc3 g4 21. hxg4
fxg4 22. Ne1 Qh4 23. Qg6+ Rg7 24. Qe8+ Kh7 25. Bc2+ 1-0

[Event "MMaS_2014_U14"]
[Site "?"]
[Date "2014.10.27"]
[Round "5.7"]
[White "Jiricek, Vojtech"]
[Black "Chwistek, Karel"]
[Result "0-1"]
[WhiteElo "1605"]
[BlackElo "1695"]
[PlyCount "72"]
[EventDate "2014.??.??"]

1. e4 c5 2. Bc4 Nc6 3. Nf3 d6 4. O-O Nf6 5. Nc3 e6 6. d4 cxd4 7. Nxd4 a6 8. Re1
e5 9. Nxc6 bxc6 10. Bg5 Be7 11. b3 O-O 12. Bxf6 Bxf6 13. Qd3 Qa5 14. a3 Bb7 15.
b4 Qc7 16. a4 d5 17. exd5 e4 18. Rxe4 cxd5 19. Bxd5 Qxc3 20. Qxc3 Bxc3 21. Rd1
Bxd5 22. Rxd5 Rfe8 23. Rxe8+ Rxe8 24. g3 Bxb4 25. Kg2 a5 26. c4 Kf8 27. Kf3 Re6
28. Rd4 Ke7 29. Re4 Rxe4 30. Kxe4 Kd6 31. Kd4 Bc5+ 32. Ke4 Bxf2 33. g4 h5 34.
h3 hxg4 35. hxg4 Kc5 36. Kd3 Bd4 0-1

[Event "MMaS_2014_U14"]
[Site "?"]
[Date "2014.10.27"]
[Round "5.8"]
[White "Zitny, Michal"]
[Black "Dejmal, Ondrej"]
[Result "1-0"]
[WhiteElo "1654"]
[BlackElo "1501"]
[PlyCount "61"]
[EventDate "2014.??.??"]

1. c4 e6 2. Nc3 Nf6 3. d4 d5 4. cxd5 exd5 5. Bg5 Bb4 6. Qc2 Bg4 7. e3 c6 8. Bd3
Nbd7 9. Nge2 Qc7 10. O-O Bd6 11. Bf4 O-O 12. Nb5 cxb5 13. Qxc7 Bxc7 14. Bxc7
Rac8 15. Rac1 a6 16. Ng3 Rfe8 17. h3 Be6 18. Rc2 g6 19. Rfc1 Kg7 20. Kf1 h6 21.
a3 h5 22. Bf4 Nb6 23. b3 Rxc2 24. Rxc2 Rc8 25. Rxc8 Bxc8 26. Ne2 Ne4 27. Ke1
Kf6 28. f3 Ng5 29. Bc7 Nd7 30. Bd8+ Ke6 31. Bxg5 1-0

[Event "MMaS_2014_U14"]
[Site "?"]
[Date "2014.10.27"]
[Round "5.9"]
[White "Pekarek, Ales"]
[Black "Budik, Pavel"]
[Result "0-1"]
[WhiteElo "1539"]
[BlackElo "1616"]
[PlyCount "62"]
[EventDate "2014.??.??"]

1. e4 c6 2. Nc3 d5 3. d4 e6 4. Bd3 Bb4 5. Nge2 dxe4 6. Bxe4 Nf6 7. Bg5 Be7 8.
Bxf6 Bxf6 9. O-O O-O 10. Qd3 g6 11. Rad1 Nd7 12. f4 Nb6 13. b3 Nd5 14. a3 Bg7
15. Na2 Nf6 16. Nac3 Nxe4 17. Nxe4 b6 18. c4 Ba6 19. N4c3 Qc7 20. Qe4 Rad8 21.
Rfe1 Rfe8 22. Qf3 Rd7 23. d5 cxd5 24. cxd5 Qc5+ 25. Kh1 Bxe2 26. Nxe2 Rxd5 27.
b4 Qd6 28. Qb3 Rd8 29. Rxd5 Qxd5 30. Qa4 Qd2 31. Rg1 Qxe2 0-1

[Event "MMaS_2014_U14"]
[Site "?"]
[Date "2014.10.27"]
[Round "5.10"]
[White "Oplustil, David"]
[Black "Gemsova, Tereza"]
[Result "1-0"]
[WhiteElo "1624"]
[BlackElo "1424"]
[PlyCount "83"]
[EventDate "2014.??.??"]

1. e4 e5 2. Nf3 Nc6 3. d4 exd4 4. Bc4 Nf6 5. e5 Ng4 6. O-O Be7 7. Re1 d6 8.
exd6 Qxd6 9. h3 Nf6 10. Nbd2 O-O 11. Nb3 Rd8 12. Ng5 Rf8 13. Bb5 Rd8 14. Qe2 h6
15. Bxc6 bxc6 16. Qxe7 hxg5 17. Qxd6 Rxd6 18. Bxg5 Bf5 19. Bxf6 Rxf6 20. Nxd4
Bg6 21. Re7 Rc8 22. c3 Kf8 23. Rae1 Rd6 24. R7e5 Rd5 25. Nxc6 Rxe5 26. Rxe5 a6
27. Ra5 Ra8 28. Nb4 Bb1 29. a3 Be4 30. Rxa6 Rxa6 31. Nxa6 c6 32. f3 Bd5 33. Kf2
Ke7 34. Nb4 Kd6 35. Nxd5 Kxd5 36. b3 Kc5 37. Ke3 Kb5 38. Kd4 c5+ 39. Kd5 f5 40.
c4+ Kb6 41. g4 g6 42. gxf5 1-0

[Event "MMaS_2014_U14"]
[Site "?"]
[Date "2014.10.27"]
[Round "5.11"]
[White "Slesinger, David"]
[Black "Barak, David"]
[Result "0-1"]
[WhiteElo "1433"]
[BlackElo "1600"]
[PlyCount "80"]
[EventDate "2014.??.??"]

1. e4 c5 2. Nf3 Nc6 3. Nc3 d6 4. Bb5 Bd7 5. Bxc6 Bxc6 6. d4 b6 7. d5 Bb7 8. Qd3
g6 9. Qb5+ Qd7 10. Qxd7+ Kxd7 11. O-O Bg7 12. Ng5 Rf8 13. Re1 Ba6 14. Bd2 h6
15. Nf3 g5 16. e5 Bb7 17. e6+ fxe6 18. dxe6+ Kc8 19. Re3 Nf6 20. h3 Nd5 21.
Nxd5 Bxd5 22. Bc3 Bxc3 23. Rxc3 Rf6 24. Re3 Rhf8 25. b3 Rxe6 26. Rxe6 Bxe6 27.
Re1 Kd7 28. Nd2 Bd5 29. c4 Bc6 30. f3 Rf6 31. Kf2 Re6 32. Rxe6 Kxe6 33. g4 Ke5
34. Ke3 Be8 35. Nb1 a6 36. a4 e6 37. Nd2 Bg6 38. Ne4 Bxe4 39. fxe4 a5 40. Kf3
Kd4 0-1

[Event "MMaS_2014_U14"]
[Site "?"]
[Date "2014.10.27"]
[Round "5.12"]
[White "Zelnitius, Albert"]
[Black "Londin, Simon"]
[Result "1-0"]
[WhiteElo "1381"]
[BlackElo "1535"]
[Annotator "Doe,John"]
[PlyCount "37"]
[EventDate "2014.??.??"]

1. e4 e5 2. Nf3 Nc6 3. Bc4 Nf6 4. Ng5 d5 5. exd5 Nxd5 6. Qf3 Qxg5 7. Bxd5 Nd4
8. Qe4 Bd6 9. O-O Bf5 10. Qe3 Qxe3 11. fxe3 Ne2+ 12. Kh1 Bxc2 13. Bxf7+ Ke7 14.
Bc4 Nxc1 15. Rxc1 Be4 16. Nc3 Bc6 17. Rf1 Rhf8 18. Bd5 Bxd5 19. Nxd5+ {
2 nemozne tahy} 1-0

[Event "MMaS_2014_U16"]
[Site "?"]
[Date "2014.10.25"]
[Round "1.1"]
[White "Polisensky, Jan"]
[Black "Bares, Jachym"]
[Result "0-1"]
[WhiteElo "1561"]
[BlackElo "1998"]
[PlyCount "46"]
[EventDate "2014.10.25"]

1. e4 e5 2. Nf3 Nc6 3. Bb5 f5 4. exf5 e4 5. Qe2 Qe7 6. Bxc6 dxc6 7. Nd4 Qe5 8.
Nb3 Bd6 9. Nc3 Bxf5 10. g3 Nf6 11. h3 O-O 12. d3 Rae8 13. Be3 exd3 14. cxd3 Bb4
15. Rc1 Nd5 16. Kd2 c5 17. Nxc5 Nxe3 18. Qxe3 Bxc5 19. Qxe5 Rxe5 20. g4 Bg6 21.
Rhe1 Rxf2+ 22. Re2 Rfxe2+ 23. Nxe2 Be3+ 0-1

[Event "MMaS_2014_U16"]
[Site "?"]
[Date "2014.10.25"]
[Round "1.2"]
[White "Zajicek, Tomas"]
[Black "Matonoha, Petr"]
[Result "1-0"]
[WhiteElo "1942"]
[BlackElo "1559"]
[PlyCount "89"]
[EventDate "2014.10.25"]

1. e4 b6 2. d4 Bb7 3. Nc3 e6 4. g3 Bb4 5. Bg2 Nf6 6. Bg5 h6 7. Bxf6 gxf6 8. a3
Bxc3+ 9. bxc3 Qe7 10. Ne2 f5 11. f3 fxe4 12. fxe4 Nc6 13. O-O O-O-O 14. Nf4 Qg5
15. Qh5 Rdf8 16. Rf2 Ba6 17. Bf1 Bb7 18. Bd3 Ne7 19. Raf1 f5 20. Qxg5 hxg5 21.
Ng2 Rfg8 22. exf5 exf5 23. Re1 Kd8 24. Bxf5 Nxf5 25. Rxf5 Rg7 26. Rf2 Rgh7 27.
Ne3 Re8 28. Ng2 Reh8 29. Ne3 Re8 30. Rf6 g4 31. Ng2 Rhe7 32. Rxe7 Kxe7 33. Rf4
Bf3 34. Ne3 Rf8 35. Rxf8 Kxf8 36. Kf2 Kf7 37. h3 Be4 38. Nxg4 Bxc2 39. Ke3 Ke6
40. Kf4 d6 41. d5+ Kf7 42. Ne3 Bd3 43. h4 Kg6 44. g4 Kf6 45. h5 1-0

[Event "MMaS_2014_U16"]
[Site "?"]
[Date "2014.10.25"]
[Round "1.3"]
[White "Fialka, Adam"]
[Black "Kuchar, Matej"]
[Result "0-1"]
[WhiteElo "1551"]
[BlackElo "1940"]
[PlyCount "38"]
[EventDate "2014.10.25"]

1. e4 c5 2. Nf3 g6 3. d4 cxd4 4. Nxd4 Nc6 5. Nc3 Bg7 6. Be3 Nf6 7. Be2 O-O 8.
f3 d6 9. Qd2 Nxd4 10. Bxd4 Be6 11. O-O Qa5 12. Qe3 Rfc8 13. Bd3 Bc4 14. Bxc4
Rxc4 15. b3 Ng4 16. fxg4 Bxd4 17. bxc4 Bxe3+ 18. Kh1 Qxc3 19. Rab1 Qxc4 0-1

[Event "MMaS_2014_U16"]
[Site "?"]
[Date "2014.10.25"]
[Round "1.4"]
[White "Stepan, Patrik"]
[Black "Jelinek, Jindrich"]
[Result "1-0"]
[WhiteElo "1932"]
[BlackElo "1545"]
[PlyCount "129"]
[EventDate "2014.10.25"]

1. d4 d5 2. c4 e6 3. Nf3 Nf6 4. Nc3 Nbd7 5. e3 b6 6. Bd3 Bb7 7. O-O Bd6 8. Re1
O-O 9. e4 dxe4 10. Nxe4 Nxe4 11. Bxe4 Bxe4 12. Rxe4 Nf6 13. Re2 c5 14. Bg5 Rc8
15. Rd2 Qe7 16. dxc5 Bxc5 17. Ne5 Qc7 18. Bxf6 gxf6 19. Nd7 Rfd8 20. Nxf6+ Kg7
21. Nh5+ Kh6 22. Ng3 Be7 23. Qh5+ Kg7 24. Qg4+ Kh6 25. Rxd8 Rxd8 26. Qf3 Kg6
27. Qe4+ Kh6 28. Re1 Bf6 29. b3 Rd4 30. Qf3 Qd8 31. Ne4 Kg6 32. Qg4+ Kh6 33.
Qf4+ Kg6 34. Kf1 Be7 35. Qg3+ Kh6 36. Qh3+ Kg6 37. g4 h6 38. Qh5+ Kg7 39. Kg2
Bg5 40. Nxg5 Qxg5 41. Qxg5+ hxg5 42. Kf3 Rd2 43. Re2 Rd4 44. h3 Kf6 45. Ke3 Rf4
46. f3 e5 47. Rd2 Ke6 48. Rd8 Ke7 49. Ra8 a5 50. Rb8 Rf6 51. Rg8 Rg6 52. Rh8
Kf6 53. Ke4 Kg7 54. Rb8 Re6 55. Kd5 Rf6 56. Kxe5 Rxf3 57. Rxb6 Rxh3 58. Kf5 Rh2
59. a4 Rf2+ 60. Kxg5 Re2 61. Rb5 Re3 62. Kf4 Rc3 63. Ke4 Rg3 64. g5 Kg6 65. Kf4
1-0

[Event "MMaS_2014_U16"]
[Site "?"]
[Date "2014.10.25"]
[Round "1.5"]
[White "Ptacek, Jan"]
[Black "Danek, Daniel"]
[Result "1-0"]
[WhiteElo "1542"]
[BlackElo "1921"]
[PlyCount "51"]
[EventDate "2014.10.25"]

1. e4 c6 2. d4 d5 3. exd5 cxd5 4. Bd3 Nc6 5. c3 Qc7 6. Be3 e6 7. Nd2 Bd6 8.
Ngf3 Nge7 9. Rc1 Bd7 10. Nb3 Rc8 11. O-O h6 12. Re1 g5 13. c4 Qb8 14. Nc5 g4
15. Nxd7 Kxd7 16. Ne5+ Nxe5 17. dxe5 Bxe5 18. Qa4+ Nc6 19. cxd5 exd5 20. Bf5+
Kd8 21. Bxc8 Qxc8 22. Bxa7 Qf5 23. Rxc6 bxc6 24. Qxc6 Bc7 25. Qa8+ Kd7 26. Qxh8
1-0

[Event "MMaS_2014_U16"]
[Site "?"]
[Date "2014.10.25"]
[Round "1.6"]
[White "Zeman, Radek"]
[Black "Sigut, David"]
[Result "1-0"]
[WhiteElo "1909"]
[BlackElo "1540"]
[PlyCount "63"]
[EventDate "2014.10.25"]

1. e4 e6 2. d3 d5 3. Nd2 c5 4. Ngf3 Nc6 5. g3 Nf6 6. Bg2 Be7 7. O-O O-O 8. e5
Nd7 9. Re1 Qc7 10. Qe2 f6 11. exf6 Nxf6 12. Nf1 Bd6 13. c4 Bd7 14. Bg5 Rae8 15.
Qd2 d4 16. Bxf6 Rxf6 17. Ng5 Ne5 18. f4 Ng6 19. Ne4 Rf5 20. Nxd6 Qxd6 21. Bxb7
Bc6 22. Bxc6 Qxc6 23. Qg2 Qb6 24. Re2 Qd6 25. Rae1 e5 26. Nd2 Ref8 27. fxe5
Nxe5 28. g4 Rg5 29. Ne4 Nf3+ 30. Qxf3 Rxf3 31. Nxd6 Rxg4+ 32. Rg2 1-0

[Event "MMaS_2014_U16"]
[Site "?"]
[Date "2014.10.25"]
[Round "1.7"]
[White "Navratilova, Lenka"]
[Black "Husek, Martin"]
[Result "0-1"]
[WhiteElo "1510"]
[BlackElo "1883"]
[PlyCount "74"]
[EventDate "2014.10.25"]

1. e4 c5 2. Nf3 d6 3. d4 cxd4 4. Nxd4 Nf6 5. Nc3 g6 6. f3 Bg7 7. Be3 O-O 8. Bc4
Nc6 9. Qd2 Bd7 10. O-O-O Rc8 11. Bb3 Ne5 12. h4 Nc4 13. Bxc4 Rxc4 14. g4 Qa5
15. h5 Rfc8 16. Nde2 Nxe4 17. fxe4 Bxc3 18. Nxc3 Rxc3 19. Kb1 Be6 20. b3 Qa6
21. Rc1 Bxg4 22. hxg6 fxg6 23. Bd4 R3c7 24. Rh4 Qe2 25. Qxe2 Bxe2 26. Bxa7 h5
27. Be3 Rc3 28. Bg5 e6 29. Bf6 Rg3 30. Re1 Rg2 31. Be7 Rc6 32. c4 Kf7 33. Bd8
b5 34. cxb5 Bd3+ 35. Ka1 Rcc2 36. Kb1 Rxa2+ 37. Kc1 Ra1# 0-1

[Event "MMaS_2014_U16"]
[Site "?"]
[Date "2014.10.25"]
[Round "1.8"]
[White "Kovarik, Matyas"]
[Black "Janecek, Miroslav"]
[Result "1-0"]
[WhiteElo "1854"]
[BlackElo "1489"]
[PlyCount "83"]
[EventDate "2014.10.25"]

1. e4 e6 2. d4 d5 3. Nc3 Bb4 4. e5 Nd7 5. Qg4 g6 6. a3 Bxc3+ 7. bxc3 c6 8. Bd3
h5 9. Qg3 Ne7 10. Bg5 Qa5 11. Ne2 c5 12. Bxe7 Kxe7 13. Qg5+ Kf8 14. dxc5 Nxc5
15. O-O Nxd3 16. Qf6 Rg8 17. cxd3 Bd7 18. Rfb1 b6 19. Rb4 Qa6 20. Rf4 Rg7 21.
Nd4 Re8 22. Rf3 Qa5 23. Ne2 Kg8 24. c4 Qd2 25. Nf4 Qb2 26. Rf1 d4 27. h3 Qxa3
28. Rg3 Qe7 29. Nxh5 Rh7 30. Qxe7 Rxe7 31. Nf6+ Kg7 32. Nxh7 Kxh7 33. Rg4 b5
34. Rxd4 b4 35. c5 a5 36. Ra1 Bc6 37. Rxa5 Rb7 38. Ra6 Bd5 39. Rb6 b3 40. Rxd5
Rxb6 41. cxb6 exd5 42. b7 1-0

[Event "MMaS_2014_U16"]
[Site "?"]
[Date "2014.10.25"]
[Round "1.9"]
[White "Koukal, Ondrej"]
[Black "Lojek, Marek"]
[Result "0-1"]
[WhiteElo "1486"]
[BlackElo "1806"]
[PlyCount "74"]
[EventDate "2014.10.25"]

1. Nf3 d5 2. g3 Nf6 3. Bg2 c5 4. d3 Nc6 5. O-O Qc7 6. a3 Bf5 7. Nbd2 e6 8. Qe1
Be7 9. Nh4 Bg6 10. Nxg6 hxg6 11. Nf3 Bd6 12. c3 a5 13. Bd2 a4 14. Qd1 b5 15. b4
axb3 16. Qxb3 O-O 17. Qc2 Ra6 18. Rfb1 Rb8 19. h3 Qa7 20. Bc1 Ra4 21. Bb2 c4
22. dxc4 bxc4 23. Nd2 Bxg3 24. e3 Bd6 25. Bc1 Nd7 26. Bf1 Rxb1 27. Nxb1 Nc5 28.
Nd2 Na5 29. Rb1 Ncb3 30. Nxb3 Nxb3 31. Qd1 Qe7 32. Rxb3 cxb3 33. Qxb3 Ra7 34.
a4 Qc7 35. f4 Rb7 36. Bb5 Qc5 37. Kf2 Bxf4 0-1